000
00268nam a22001097a 4500
040
_c
SCME
100
_a
Rakesh K.Gupta, Elliot Kennel,
_9
88462
245
_a
Polymer nanocomposites handbook
260
_a
New York
_b
CRC Press
_c
2010
300
_a
552p.
942
_2
ddc
_c
BK
999
_c
587632
_d
587632